| 000 | 00481nam a2200193Ia 4500 | ||
|---|---|---|---|
| 003 | OSt | ||
| 005 | 20260120112350.0 | ||
| 008 | 210210b xxu||||| |||| 00| 0 eng d | ||
| 040 | _cAL | ||
| 041 | _aKannada | ||
| 082 | _a858/222 | ||
| 100 |
_aSHEEAN VINCENT _9235991 _dವಿನ್ಸೆಂಟ್ ಶೀನ್ |
||
| 245 |
_aGandhi _bಗಾಂಧಿ |
||
| 260 |
_aBengaLUru _b- |
||
| 650 |
_aGAndhi _9235992 |
||
| 690 |
_aBiography _9235993 |
||
| 906 | _a020764 | ||
| 942 |
_2ddc _cBK |
||
| 999 |
_c144918 _d144918 |
||